| 000 | 01763nam a2200325 c 4500 | ||
|---|---|---|---|
| 999 |
_c188547 _d188547 |
||
| 003 | BLK | ||
| 005 | 20250218094409.0 | ||
| 008 | 180411b bul|||||r ||||||| ||bul|| | ||
| 010 | _aKNG00197565000 | ||
| 040 | _aBLK | ||
| 041 |
_aBUL _cBUL |
||
| 080 |
_aНемска литература _b821.112.2 _x-31 _z821.112.2-31 |
||
| 100 |
_aХофман, Ернст Теодор Амадеус _d1776-1822 _gНемски писател, композитор, диригент, художник. _9367399 |
||
| 139 |
_aХофман, Ернст Теодор Амадеус _bХ 71 |
||
| 245 | 1 | 0 |
_aЖитейските възгледи на котарака Мур или фрагментарна биография на капелмайстора Йоханес Крайслер върху случайни макулатурни листа _bРоман _cЕрнст Теодор Амадеус Хофман; прев. от нем. Сашо Далов. |
| 257 | _aDEU | ||
| 260 |
_bОФ _c1973 _aСофия |
||
| 300 |
_a384 с. _c21 см |
||
| 380 | _aX | ||
| 490 |
_aБиблиотека Политическа сатира _9208725 |
||
| 500 | _aКор. загл. Житейските възгледи на котарака Мур ; Ориг. загл. Lebensansichfen des Katers Murr nebst fragmentarischer Biographie Kapellmeisters Johannes Kreisier in zufalligen Makulaturbla Hern. - Авт. не е отбелязан на кор. - 35 100 тир. | ||
| 700 | 1 |
_aДалов, Сашо _eпрев. от нем. _958117 |
|
| 852 |
_aЦб 69681 _bЦб |
||
| 856 | 4 | _qpdf | |
| 856 | 4 | _qpdf | |
| 942 |
_cKNG _n0 _s1 |
||
| 944 |
_aCR _c07.12.2016 _k30560 _lГеновева Генчева |
||
| 944 |
_aED _c07.12.2016 _kКети_Илиева |
||
| 999 | _d188547 | ||